00197nam a22000857a 4500082001600000100001700016245004100033260002800074300000900102 a669.7 DEN'M aDENNIS, W. H aMETALLURGY OF THE NON-FERROUS METALS aLONDONbSIR ISAACc1961 a711P